000 00229nam a2200097Ia 4500
008 240331s9999 xx 000 0 und d
082 _bNES
100 _aNesiah, Devanesan
245 0 _aTamil language rights in Sri Lanka
942 _cL
999 _c5843
_d5843